Your spiritual gifts can help your church grow / (Record no. 2649)

MARC details
000 -LEADER
fixed length control field 01598cam a2200313 a 4500
001 - CONTROL NUMBER
control field 13806960
003 - CONTROL NUMBER IDENTIFIER
control field GBCCL
005 - DATE AND TIME OF LATEST TRANSACTION
control field 20241126110434.0
008 - FIXED-LENGTH DATA ELEMENTS--GENERAL INFORMATION
fixed length control field 041206s2005 cau b 001 0 eng
010 ## -
-- 2004028920
020 ## - INTERNATIONAL STANDARD BOOK NUMBER
International Standard Book Number 0830717587
040 ## - CATALOGING SOURCE
Original cataloging agency DLC
Transcribing agency DLC
Modifying agency DLC
050 00 -
-- BT767.3
-- .W34 2005
082 00 - DEWEY DECIMAL CLASSIFICATION NUMBER
Classification number 234.13
Edition information 22
Item number WAG
100 1# - MAIN ENTRY--PERSONAL NAME
Personal name Wagner, C. Peter.
9 (RLIN) 2967
245 10 - TITLE STATEMENT
Title Your spiritual gifts can help your church grow /
Statement of responsibility, etc. C. Peter Wagner.
260 ## - PUBLICATION, DISTRIBUTION, ETC.
Place of publication, distribution, etc. Ventura, Calif. :
Name of publisher, distributor, etc. Gospel light,
Date of publication, distribution, etc. c2005.
300 ## - PHYSICAL DESCRIPTION
Extent 119 p. ;
Dimensions 23 cm.
504 ## - BIBLIOGRAPHY, ETC. NOTE
Bibliography, etc. note Includes bibliographical references and indexes.
505 0# - FORMATTED CONTENTS NOTE
Formatted contents note The rediscovery of spiritual gifts -- Ignorance is not bliss -- What the gifts are : an open-ended approach -- Four things that gifts are not -- How I found my gifts and how you can find yours -- The pastor's gift-mix -- The evangelist : the primary organ for growth -- Understanding the missionary gift -- The rest of the body -- Five steps your church can take to grow through gifts.
650 #0 - SUBJECT ADDED ENTRY--TOPICAL TERM
Topical term or geographic name entry element Gifts, Spiritual.
9 (RLIN) 664
650 #0 - SUBJECT ADDED ENTRY--TOPICAL TERM
Topical term or geographic name entry element Church growth.
9 (RLIN) 291
856 41 - ELECTRONIC LOCATION AND ACCESS
Materials specified Table of contents
Uniform Resource Identifier <a href="http://www.loc.gov/catdir/toc/ecip055/2004028920.html">http://www.loc.gov/catdir/toc/ecip055/2004028920.html</a>
856 42 - ELECTRONIC LOCATION AND ACCESS
Materials specified Contributor biographical information
Uniform Resource Identifier <a href="http://www.loc.gov/catdir/enhancements/fy0909/2004028920-b.html">http://www.loc.gov/catdir/enhancements/fy0909/2004028920-b.html</a>
856 42 - ELECTRONIC LOCATION AND ACCESS
Materials specified Publisher description
Uniform Resource Identifier <a href="http://www.loc.gov/catdir/enhancements/fy0909/2004028920-d.html">http://www.loc.gov/catdir/enhancements/fy0909/2004028920-d.html</a>
906 ## - LOCAL DATA ELEMENT F, LDF (RLIN)
a 7
b cbc
c orignew
d 1
e ecip
f 20
g y-gencatlg
942 ## - ADDED ENTRY ELEMENTS (KOHA)
Source of classification or shelving scheme Dewey Decimal Classification
Koha item type Books
Koha issues (borrowed), all copies 14
Holdings
Withdrawn status Lost status Source of classification or shelving scheme Damaged status Not for loan Home library Current Library Shelving location Date acquired Total checkouts Full call number Barcode Date last seen Date last checked out Copy number Price effective from Koha item type Total renewals
    Dewey Decimal Classification     GRACE BIBLE COLLEGE GRACE BIBLE COLLEGE Theology 2017-09-08 1 234.13 WAG 011378 2025-05-01 2018-04-06 c.1 2017-09-08 Books  
    Dewey Decimal Classification     GRACE BIBLE COLLEGE GRACE BIBLE COLLEGE Theology 2017-09-08 5 234.13 WAG 011382 2025-05-01 2022-09-28 c.5 2017-09-08 Books  
    Dewey Decimal Classification     GRACE BIBLE COLLEGE GRACE BIBLE COLLEGE Theology 2017-09-08 4 234.13 WAG 011383 2025-05-01 2025-01-24 c.6 2017-09-08 Books  
    Dewey Decimal Classification     GRACE BIBLE COLLEGE GRACE BIBLE COLLEGE Theology 2018-01-30 1 234.13 WAG 011381 2025-05-01 2022-09-28 c.4 2018-01-30 Books  
    Dewey Decimal Classification     GRACE BIBLE COLLEGE GRACE BIBLE COLLEGE Theology 2018-01-30 2 234.13 WAG 011380 2025-05-01 2024-08-09 c.3 2018-01-30 Books 1
    Dewey Decimal Classification     GRACE BIBLE COLLEGE GRACE BIBLE COLLEGE Theology 2018-01-30 2 234.13 WAG 011379 2025-05-01 2024-08-02 c.2 2018-01-30 Books 1
© Grace Bible College Library 2025